| 000 | 01218nam a22003977a 4500 | ||
|---|---|---|---|
| 001 | BR2022000373 | ||
| 003 | BR-BrBNA | ||
| 005 | 20230928105638.0 | ||
| 007 | ta | ||
| 008 | 230509b bl.||||| |||| 00| 0 por d | ||
| 020 | _a85-7383-373-4 | ||
| 040 |
_aBR-BrBNA _bpor _cBiblioteca Nacional de Agricultura |
||
| 041 | _a(Por) | ||
| 072 |
_aK10; F70; P01 _b3000 |
||
| 090 | _ 3000 BR2022000373 | ||
| 100 | 1 | _aCarvalho, P.E.R. | |
| 110 | 1 | _aEmbrapa Florestas, Colombo, PR (Brasil) | |
| 245 | 1 |
_aEspécies arbóreas brasileiras _bColeção Espécies Arbóreas Brasileiras, v. 2 |
|
| 260 | 3 |
_aBrasília, DF (Brasil): _bEmbrapa Informação Tecnológica, _c2006. |
|
| 300 | _a627 p. | ||
| 500 | _aBibliography p. 563-614 (1336 ref.); Summaries (Eng, Por); 315 illus.; 56 tables; 60 maps, scale 1:500,000 | ||
| 650 | _aÁRVORE | ||
| 650 | _aFLORESTA | ||
| 650 | _aSILVICULTURA | ||
| 650 | _aTAXONOMIA | ||
| 650 | _aREPRODUÇÃO | ||
| 650 | _aFENOLOGIA | ||
| 650 | _aECOLOGIA FLORESTAL | ||
| 650 | _aMUDA | ||
| 650 | _aSEMENTE | ||
| 650 | _aMADEIRA | ||
| 650 | _aMELHORAMENTO GENÉTICO VEGETAL | ||
| 650 | _aPRESERVAÇÃO DA NATUREZA | ||
| 909 |
_a202309 _bLucia _c55 _dLucia Elande |
||
| 942 | _cBK | ||
| 999 |
_c86018 _d86018 |
||